| 000 | 01040nam a22003017a 4500 | ||
|---|---|---|---|
| 003 | CHAP | ||
| 005 | 20220329143538.0 | ||
| 008 | 100504s1904 mx a r 00010 spa d | ||
| 010 | _a98343 | ||
| 011 | _a99315 | ||
| 035 | _a110001 | ||
| 040 | _cCHAP | ||
| 082 | 0 | 4 |
_a636.08982 _bEn16 |
| 245 | 0 | 0 |
_aEnciclopedia mexicana de medicina veterinaria : _bapuntes de obstetricia notas prácticas sobre la preñez de los animales domésticos _c/por Silvio J. Bonansea |
| 260 |
_aMéxico, D.F. : _bAraluce, _c[1904] |
||
| 300 |
_a125 p. : _bilus. |
||
| 490 | 0 | _aBiblioteca Bonansea | |
| 590 |
_aBATCH-UPD _b10 _c20130110 _lUCH01 _h1645 |
||
| 590 |
_aBATCH-UPD _b10 _c20130410 _lUCH01 _h1035 |
||
| 590 |
_aCONVERSION _b10 _c20130109 _lUCH01 _h1354 |
||
| 650 | 1 | 4 |
_aAnimales domesticos. _95889 |
| 650 | 1 | 4 |
_aObstetricia veterinaria. _982589 |
| 700 | 1 |
_aBonansea, Silvio J. _913641 |
|
| 830 | 0 |
_aBiblioteca Bonansea _912250 |
|
| 901 | _aBK | ||
| 942 | _cLIBRO | ||
| 949 |
_a636.08982 En16 _bBC _cLIBRO _d33724002323207 _eLIBRO _gDonaciØn _h112463 _i110001 _sb |
||
| 999 |
_c98343 _d98343 |
||